Statistiques concernant Personnalités d'avant ou après Jésus-Christ?

Cliquez ici pour prendre le quiz!

Statistiques générales

  • Ce quiz a été pris 800 fois
  • Le résultat moyen est 22 sur 30

Statistiques - réponses

HintRéponse% Correct
NapoléonAprès
94%
VoltaireAprès
93%
Jeanne d'ArcAprès
93%
Catherine II de RussieAprès
92%
CharlemagneAprès
92%
KheopsAvant
89%
Giacomo CasanovaAprès
86%
SocrateAvant
86%
AristoteAvant
84%
AkhenatonAvant
82%
PythagoreAvant
82%
EuclideAvant
81%
CléopâtreAvant
80%
ArchimèdeAvant
78%
Jules CésarAvant
78%
Saint-SylvestreAprès
76%
VercingétorixAvant
72%
GaliléeAprès
71%
NostradamusAprès
70%
Oda NobunagaAprès
69%
AttilaAprès
66%
ConfuciusAvant
65%
CaligulaAprès
57%
Moctezuma IIAprès
54%
Darius IerAvant
54%
Hannibal BarcaAvant
53%
Siddhārtha GautamaAvant
49%
Qin Shi HuangAvant
45%
TaciteAprès
34%
ParacelseAprès
32%

Distribution des résultats

Percentile par nombre de réponses

% des personnes avec chaque résultat

Votre développement - résultats

Vous n’avez pas pris ce quiz